Expressions et métiers 3 (click quiz) - Statistiques

Statistiques générales
  • Ce quiz a été pris 71 fois
  • Le résultat moyen est 7 sur 8
Statistiques - réponses
Hint Réponse % Correct
Mettre aux enchères Commissaire priseur
95%
Avoir l'air d'un accident de chemin de fer Conducteur de train
95%
Ennuyeux à mourir Croquemort
92%
Vous n'avez rien à déclarer ? Douanier
92%
Etre sur la corde raide Funambule
92%
Capitaine de bateau-lavoir Marin
92%
Caca boudin Proctologue
92%
Grand écart Danseur
91%
Aucun quiz correspondant
Distribution des résultats
% des personnes avec chaque résultat
Percentile par nombre de réponses
Votre historique - résultats
Vous n’avez pas pris ce quiz